000 00457nam a2200181Ia 4500
001 17464
005 20260306171519.0
008 260306s9999||||xx |||||||||||||| ||und||
041 _aESP
082 _a658
_bH37
100 _aHellriegel, Don
_eAUT
245 0 _aAdministración:
_bun enfoque basado en competencias
260 _c2009
300 _a627 páginas :N-24 :IO-9 :I-7
_c27 cm.
650 _aGEN
654 _aCAN
942 _cLIB
_dJUS
_fJUS
_2ddc
_n
999 _c17464
_d17464